Responses for Show #7538 - Wednesday, May 24, 2017

Contestants

[<< previous game]

Matthew Cooper, a retail site specialist from Villanova, Pennsylvania

Mackenzie Vogt, a systems analyst from Point Pleasant, New Jersey

Tanya Obreiter, a cell biologist from Frederick, Maryland (whose 2-day cash winnings total $63,210)

[next game >>]

Jeopardy! Round responses

AT THE SMITHSONIAN NATIONAL POSTAL MUSEUM
MUSICAL NUMBERS
GEOGRAPHIC FORMATIONS
COME TOGETHER
CRIME RHYME
HEARST STORY
(Alex: These will be headlines from Hearst-owned newspapers in the past.)
    $200 19
Benjamin Franklin

Matthew
    $200 14
5

Mackenzie
    $200 25
India

Mackenzie
    $200 9
a bee

Mackenzie
    $200 6
a felon melon

Mackenzie
    $200 1
the Titanic

Mackenzie
    $400 20
a Model T

Mackenzie
    $400 15
24

Mackenzie
    $400 26
fjords

Matthew
    $400 10
a luau

Mackenzie
    $400 7
a cleft theft

Matthew
    $400 2
Elvis Presley

Matthew
    $600 21
(Mackenzie: What are preforations?)
[Originally ruled correct; ruled incorrect before the start of the Double Jeopardy! Round]

perforations

Mackenzie
Triple Stumper
    $600 16
(Mackenzie: What is 12?)

6

Mackenzie
Triple Stumper
    $600 27
Quebec

Mackenzie
    $600 11
a seder

Matthew
    $600 8
a herder murder

Triple Stumper
    $600 3
(Mackenzie: What is Hanoi?)
(Matthew: What is Ho Chi Minh City?)

Saigon

TanyaMackenzieMatthew
    $800 22
the zip code

Tanya
    $800 17
21

Tanya
    $800 28
the Bonneville Salt Flats

Mackenzie
    $800 12
the women ask the men

Tanya
    $800 24
an assault fault

Triple Stumper
    $1,000 4
(Tanya: What is Leningrad?)

Stalingrad

Tanya
    $1000 23
a jenny

Mackenzie
    $1000 18
"Summer Sixteen"

Triple Stumper
    $1000 29
Colorado

Triple Stumper
    $1000 13
fiesta

Triple Stumper
    $1000 30
loiters Reuters

Mackenzie
    $1000 5
Kinsey

Mackenzie

Scores at the first commercial break (after clue 15):

Tanya Mackenzie Matthew
$400 $2,000 $800

Scores at the end of the Jeopardy! Round:

Tanya Mackenzie Matthew
$2,000 $4,800 $1,400

Double Jeopardy! Round responses

THE WORLD OF TENNIS
20th CENTURY NOVELS
WHO SAID WHAT?
"HAT" BOX
NUMBER THAT AMENDMENT
HEART SURGERY WITH DR. OZ
    $400 7
Federer

Mackenzie
    $400 6
Brave New World

Mackenzie
    $400 16
Hillary Clinton

Tanya
    $400 21
(Alex: Less than a minute now.)

a hat trick

Mackenzie
    $400 26
the Second Amendment

Mackenzie
    $400 1
a bypass

Tanya
    $800 8
Scotland

Mackenzie
    $800 11
The Hours

Tanya
    $800 17
Communism

Mackenzie
    $800 25
a hatchery

Mackenzie
    $800 27
the Fifth

Tanya
    $800 2
open-heart surgery

Triple Stumper
    $1200 9
Nadal

Mackenzie
    $2,000 12
(Tanya: What is Charlie and the Chocolate Factory?)

James and the Giant Peach

Tanya
    $1200 18
the luckiest man on the face of the Earth

Matthew
    $1200 22
[ERRATUM: New Years Eve should be New Year's Eve.]

Cape Hatteras

Mackenzie
    $1200 28
[The end-of-round signal sounds.]

the First

Mackenzie
    $1200 3
(Joe) Torre

Matthew
    $1600 10
Navratilova

Matthew
    $1600 13
Godfather

Mackenzie
    $1600 19
Napoleon

Mackenzie
    $1600 23
"Hatikvah"

Matthew
    $2,200 4
valves

Matthew
    $2000 14
Argentina

Triple Stumper
    $2000 15
The Unbearable Lightness of Being

Matthew
    $2000 20
defeat

Triple Stumper
    $2000 24
(Matthew: Who is Cleopatra?)

Hatshepsut

TanyaMatthew
    $2000 5
(Alex: And our thanks, of course, to Dr. Oz for helping us out with that category.)

the sternum

Tanya

Scores at the end of the Double Jeopardy! Round:

Tanya Mackenzie Matthew
$6,400 $15,600 $9,200

[wagering suggestions for these scores]

Final Jeopardy! Round responses

DOG BREEDS
TanyaWhat is a yorkie?
$3,000
MatthewWhat is a Jack Russel Terrier?
$3,000
MackenzieWhat is a Cavlier King Charles Spaniel?
$3,000
the Jack Russell Terrier

Final scores:

Tanya Mackenzie Matthew
$3,400 $12,600 $12,200
3rd place: $1,000 New champion: $12,600 2nd place: $2,000

Game dynamics:

Coryat scores:

Tanya Mackenzie Matthew
$9,400 $15,600 $8,600
10 R,
2 W
(including 2 DDs)
25 R,
3 W
11 R
(including 1 DD),
2 W

Combined Coryat: $33,600

[game clues] [game scores] [suggest correction]

Game tape date: 2017-02-21
The J! Archive is created by fans, for fans. Scraping, republication, monetization, and malicious use prohibited; this site may use cookies and collect identifying information. See terms. The Jeopardy! game show and all elements thereof, including but not limited to copyright and trademark thereto, are the property of Jeopardy Productions, Inc. and are protected under law. This website is not affiliated with, sponsored by, or operated by Jeopardy Productions, Inc. Join the discussion at JBoard.tv.